000 00456cam a22001934a 4500
005 20250605164306.0
008 250528s ||||||||||||||||||||||||d
035 _a22277
020 _a9781137603487
040 _aGR-AtMCL
_bgre
_dGR-AtMCL
_eAACR2
245 1 _aTHE REFLECTIVE JOURNAL
250 _a2
260 _bMacmillan Press Ltd,
_c2016
300 _a168
700 1 _aBassot Barbara
_98143
942 _cBK
999 _c7333
_d7333